000 00938nam a2200253 a 4500
001 000032151
005 20200930063455.0
008 110713s1970 dr abc 000 0 spa d
040 _aDO-SdBNP
_bspa
_cBNPHU
082 _a709.729301
_bM832p
100 1 _aMorban Laucer, Fernando A.
_958254
245 1 0 _aPintura rupestre y petroglifos en Santo Domingo /
_cFernando A. Morban Laucer.
260 _aSanto Domingo :
_bInstituto de Investigaciones Antropológicas,
_c1970.
300 _a[233 p.] :
_bil., mapas, retrs. ;
_c21 cm.
490 1 _aUniversidad Autónoma de Santo Domingo
_v147
490 1 _aHistoria y sociedad
_v4
504 _aBibliografía: p.230-233.
590 _aInventariado, 2018/LP
650 4 _aPetroglifos
_954464
650 4 _aPintura rupestre
_954465
830 0 _aUniversidad Autónoma de Santo Domingo ;
_n147
_958255
830 0 _aHistoria y sociedad ;
_n4
_958256
910 _aValidado. Control de calidad EMS.
999 _c31642
_d31642